<?xml version="1.0" encoding="UTF-8"?>
<record
    xmlns:xsi="http://www.w3.org/2001/XMLSchema-instance"
    xsi:schemaLocation="http://www.loc.gov/MARC21/slim http://www.loc.gov/standards/marcxml/schema/MARC21slim.xsd"
    xmlns="http://www.loc.gov/MARC21/slim">

  <leader>00371nam a22001457a 4500</leader>
  <controlfield tag="005">20251223120207.0</controlfield>
  <controlfield tag="008">251223b        |||||||| |||| 00| 0 eng d</controlfield>
  <datafield tag="020" ind1=" " ind2=" ">
    <subfield code="a">9781906381479</subfield>
  </datafield>
  <datafield tag="050" ind1=" " ind2=" ">
    <subfield code="a">HQ 32 .P452009</subfield>
    <subfield code="b">C.2</subfield>
  </datafield>
  <datafield tag="100" ind1=" " ind2=" ">
    <subfield code="a">Pelt Nancy Van</subfield>
  </datafield>
  <datafield tag="245" ind1=" " ind2=" ">
    <subfield code="a">DANGEROUS RELATIONS</subfield>
  </datafield>
  <datafield tag="260" ind1=" " ind2=" ">
    <subfield code="a">Lincolnshire</subfield>
    <subfield code="b">Autumn House</subfield>
    <subfield code="c">2009</subfield>
  </datafield>
  <datafield tag="300" ind1=" " ind2=" ">
    <subfield code="a">INC. ILL,</subfield>
  </datafield>
  <datafield tag="942" ind1=" " ind2=" ">
    <subfield code="2">lcc</subfield>
    <subfield code="c">BK</subfield>
  </datafield>
  <datafield tag="999" ind1=" " ind2=" ">
    <subfield code="c">216387</subfield>
    <subfield code="d">216387</subfield>
  </datafield>
  <datafield tag="952" ind1=" " ind2=" ">
    <subfield code="0">0</subfield>
    <subfield code="1">0</subfield>
    <subfield code="2">lcc</subfield>
    <subfield code="4">0</subfield>
    <subfield code="6">HQ0032 P45  02009</subfield>
    <subfield code="7">0</subfield>
    <subfield code="8">ARTS</subfield>
    <subfield code="9">374161</subfield>
    <subfield code="a">KSUL</subfield>
    <subfield code="b">KSUL</subfield>
    <subfield code="c">DISPLAY</subfield>
    <subfield code="d">2025-12-23</subfield>
    <subfield code="i">28998</subfield>
    <subfield code="l">0</subfield>
    <subfield code="o">HQ 32 .P45 2009</subfield>
    <subfield code="p">000000015954</subfield>
    <subfield code="r">2025-12-23 12:05:50</subfield>
    <subfield code="t">7</subfield>
    <subfield code="w">2025-12-23</subfield>
    <subfield code="y">BK</subfield>
  </datafield>
  <datafield tag="952" ind1=" " ind2=" ">
    <subfield code="0">0</subfield>
    <subfield code="1">0</subfield>
    <subfield code="2">lcc</subfield>
    <subfield code="4">0</subfield>
    <subfield code="6">HQ0032 P45  02009</subfield>
    <subfield code="7">0</subfield>
    <subfield code="8">ARTS</subfield>
    <subfield code="9">374163</subfield>
    <subfield code="a">KSUL</subfield>
    <subfield code="b">KSUL</subfield>
    <subfield code="c">DISPLAY</subfield>
    <subfield code="d">2025-12-23</subfield>
    <subfield code="i">28995</subfield>
    <subfield code="l">0</subfield>
    <subfield code="o">HQ 32 .P45 2009</subfield>
    <subfield code="p">000000017859</subfield>
    <subfield code="r">2025-12-23 12:05:00</subfield>
    <subfield code="t">4</subfield>
    <subfield code="w">2025-12-23</subfield>
    <subfield code="y">BK</subfield>
  </datafield>
  <datafield tag="952" ind1=" " ind2=" ">
    <subfield code="0">0</subfield>
    <subfield code="1">0</subfield>
    <subfield code="2">lcc</subfield>
    <subfield code="4">0</subfield>
    <subfield code="6">HQ0032 P45  02009</subfield>
    <subfield code="7">0</subfield>
    <subfield code="8">ARTS</subfield>
    <subfield code="9">374165</subfield>
    <subfield code="a">KSUL</subfield>
    <subfield code="b">KSUL</subfield>
    <subfield code="c">DISPLAY</subfield>
    <subfield code="d">2025-12-23</subfield>
    <subfield code="i">28997</subfield>
    <subfield code="l">0</subfield>
    <subfield code="o">HQ 32 .P45 2009</subfield>
    <subfield code="p">000000017862</subfield>
    <subfield code="r">2025-12-23 12:05:00</subfield>
    <subfield code="t">6</subfield>
    <subfield code="w">2025-12-23</subfield>
    <subfield code="y">BK</subfield>
  </datafield>
  <datafield tag="952" ind1=" " ind2=" ">
    <subfield code="0">0</subfield>
    <subfield code="1">0</subfield>
    <subfield code="2">lcc</subfield>
    <subfield code="4">0</subfield>
    <subfield code="6">HQ0032 P45  02009</subfield>
    <subfield code="7">0</subfield>
    <subfield code="8">ARTS</subfield>
    <subfield code="9">377362</subfield>
    <subfield code="a">KSUL</subfield>
    <subfield code="b">KSUL</subfield>
    <subfield code="c">DISPLAY</subfield>
    <subfield code="d">2026-04-29</subfield>
    <subfield code="i">000028994</subfield>
    <subfield code="l">0</subfield>
    <subfield code="o">HQ 32 .P 45 2009</subfield>
    <subfield code="p">A001823</subfield>
    <subfield code="r">2026-04-29 10:59:34</subfield>
    <subfield code="t">3</subfield>
    <subfield code="w">2026-04-29</subfield>
    <subfield code="y">BK</subfield>
  </datafield>
</record>
